000 00808nas a2200301 4500
001 BR0202703
003 BR-BrBNA
005 20231205103012.0
007 ta
008 230509b bl.|||p| |||| 00| 00por d
040 _aBR-BrBNA
_bpor
_cBiblioteca Nacional de Agricultura
041 _a(Pt)
072 _aE70; E21
100 1 _aPinazza, L.A.
100 1 _aAlimandro, R.
245 1 _aJogo de cintura
650 _aALGODÃO
650 _aDADOS ESTATISTICOS
650 _aPRODUÇÃO VEGETAL
650 _aCUSTO
650 _aIMPORTAÇÃO
650 _aEXPORTAÇÃO
650 _aINDUSTRIA TEXTIL
650 _aAGRIBUSINESS
773 0 _tAgroanalysis (Brazil)
_xISSN 0100-4298
_g(Nov 2000), v. 20(11) p. 14-21
_wBR0202703
909 _a202311
_bLúcia
_c55
_dLúcia Elande
942 _2AGRIS
_n0
_cANA
999 _c170497
_d170497